Visualizzazione normale
Vista MARC
- Ballotta Ettore
di Personal Name
Records bibliografici associati: 1
001 - CONTROL NUMBER
- control field: 6795
003 - CONTROL NUMBER IDENTIFIER
- control field: IT-RoPau
005 - DATE AND TIME OF LATEST TRANSACTION
- control field: 20131231115203.0
008 - FIXED-LENGTH DATA ELEMENTS
- fixed length control field: 131231|| aca||aabn | a|a d
040 ## - CATALOGING SOURCE
- Original cataloging agency: IT-RoPau
- Transcribing agency: IT-RoPau
100 ## - HEADING--PERSONAL NAME
- Personal name: Ballotta Ettore
- Dates associated with a name: Codice autore musica SPICS: 13931
- Relator term: Autore musica
- Name of part/section of a work: Clair de lune - Notturno in do minore - Preludio in mi minore - Aria dal II concerto per pianoforte in do minore
670 ## - SOURCE DATA FOUND
- Source citation: Work cat.: (IT-RoPau)103168: AA.VV. 794, Romantic concerto vol. 6 (Lp Rdz-St 14261)